000 nam a22 a 4500
999 _c1184
_d1184
003 AKMAL
005 20170508150404.0
008 170508s2000 my 00 may d
020 _a9839395181 (kkt.):
_cRM22.00
040 _aAKMAL
082 0 4 _a297.216 JER
_221
090 0 0 _a297.216
_bJER
100 1 _aIbn al-Jawzi, Abu al-Faraj Abd al-Rahman ibn Ali,
_d1116 (ca.)-1201
_92393
245 1 0 _aJerat syaitan /
_cIbnul Jauzy ; penterjemah Kathur Suhardi /
_c; susunan edisi bahasa Malaysia: Sidang Pengarang
250 _aEd. bahasa Malaysia
260 _aKuala Lumpur :
_bPustaka Jiwa,
_c2000
300 0 0 _a597ms. ;
_c21cm
500 _aMengandungi ayat-ayat dari Quran
504 _aMengandungi rujukan bibliografi
650 0 _aDevil
_xIslam
_91962
650 0 _aReligious life
_xIslam
_9819
700 1 _aSuhardi, Kathur
_92394
710 2 _aSidang Pengarang
_92395
942 _2ddc
_cBOOK